=LDR 00000nam 2200000 4500 =001 NUTBA000000000006130 =005 20230503103145 =035 ##$$a 0010-111400000000609 =008 230503################g##########0#ind## =020 ##$$a 979-002-200-X =082 ##$$a 650.1 =100 ##$$a Bambang Suharno =245 1#$$a Panduan lengkap dan mengelola bisnis dari nol /$c Bambang Suharno =260 ##$$a JAKARTA :$b PENEBAR SWADAYA,$c 2008 =300 ##$$a 208 Hlm : $b Ilus ; $c 20 Cm =850 ##$$aNBPNMAT =084 ##$$a 650.1 BAM p =650 #4$$a Bisnis =990 ##$$a 0001/BPAP-NTB/20142014 =990 ##$$a 21110329 =990 ##$$a 21110331 =990 ##$$a 21110329 =990 ##$$a 21110329 =990 ##$$a 21110331